| 000 | 00599nam a2200181Ia 4500 | ||
|---|---|---|---|
| 008 | 100921s9999 xx 000 0 und d | ||
| 082 |
_b14465 _a891.463 0 |
||
| 100 | _aरांगणेकर कुमुदिनी. | ||
| 245 | _aघायाळ हरिणी. | ||
| 260 |
_bराजेश प्रकाशन,मुंबई. _c0 |
||
| 300 |
_a168 _b--- |
||
| 365 | _b8 | ||
| 520 | _aललित-कादंबरी. | ||
| 630 | _aघायाळ हरिणी. | ||
| 650 | _aललित-कादंबरी. | ||
| 730 | _aघायाळ हरिणी. | ||
| 942 | _cBOOK | ||
| 999 |
_c763578 _d763575 |
||